=LDR 00000nam 2200000 4500 =001 INLIS000000000027145 =005 20130612125537 =008 ***********************************Ind** =035 ##$$0010-061300000027145 =041 ##$$a Ind =082 ##$$a 796.41 =090 ##$$a 796.41, Bae l =100 ##$$a Baechle, Thomas R =245 ##$$a Latihan beban langkah-langkah menuju sukses, Thomas R. Baecle, Barney R. Groves ; penerjemah, Razi Siregar =260 ##$$a 2003 $b Jakarta =300 ##$$a xx, 247 hlm, ilus, 26 cm =650 ##$$a Angkat besi =850 ##$$a NBPNMAT